000 01088cam a2200289 a 4500
001 11988649
003 ARRUPE
005 20140204143503.0
008 000428s2001 nyu b 000 0 eng
010 _a 00033153
020 _a0818908823 (alk. paper)
040 _aDLC
_cDLC
_dDLC
050 0 0 _aBX2347.8.E82
_bC43 2001
082 0 0 _a282
_221
100 1 _aChamplin, Joseph M.
_97851
245 1 4 _aThe marginal Catholic :
_bchallenge, don't crush /
_cJoseph M. Champlin.
250 _aRev. and updated ed.
260 _aNew York :
_bAlba House,
_cc2001.
300 _axv, 203 p. ;
_c21 cm.
504 _aIncludes bibliographical references (p. [197]-203).
610 2 0 _aCatholic Church
_xMembership.
_97852
650 0 _aChurch work with ex-church members
_xCatholic Church.
_97853
650 0 _aCatholic converts.
_97854
906 _a7
_bcbc
_corignew
_d1
_eocip
_f20
_gy-gencatlg
942 _2lcc
_cMONOGRAPH
999 _c119916
_d119916